[Event "48. Torneo Villa de Mislata"]
[Site "Mislata ESP"]
[Date "2014.08.12"]
[Round "3.11"]
[White "Garrido Olivares, Ricard"]
[Black "Aymerich Rosell, Pablo"]
[Result "0-1"]
[WhiteElo "2228"]
[BlackElo "2125"]
[PlyCount "92"]
[EventDate "2014.08.11"]
[EventType "swiss"]
[EventRounds "9"]
[EventCountry "ESP"]
[Source "lmi"]
[SourceDate "2014.08.11"]

1. c4 Nf6 2. g3 e6 3. Bg2 d5 4. Nf3 d4 5. O-O Nc6 6. e3 e5 7. exd4 exd4 8. d3
Be7 9. b3 O-O 10. Bb2 a5 11. Na3 Bf5 12. Nc2 Bc5 13. a3 Qd7 14. Qd2 Qd6 15.
Rab1 Ng4 16. Nh4 Be6 17. h3 Nge5 18. f4 Ng6 19. Nf3 f6 20. Bc1 Rad8 21. b4 axb4
22. axb4 Ba7 23. c5 Qd7 24. g4 Bf7 25. Bb2 Nce7 26. Nfxd4 Nd5 27. Ne2 Nh4 28.
Bh1 h5 29. f5 hxg4 30. hxg4 g5 31. Bd4 c6 32. Bf2 Rfe8 33. Ncd4 Bb8 34. Nf3
Nxf3+ 35. Bxf3 Qc7 36. Bg3 Qc8 37. Qb2 Rxe2 38. Bxe2 Bxg3 39. Rf3 Bf4 40. Bf1
Kg7 41. Re1 Rh8 42. Re2 Rh4 43. Bh3 Qh8 44. Kg2 Bb8 45. Re4 Nf4+ 46. Rfxf4 Bxf4
0-1

[Event "48. Torneo Villa de Mislata"]
[Site "Mislata ESP"]
[Date "2014.08.12"]
[Round "3.12"]
[White "Lopez Mulet, Inigo"]
[Black "Romero Calduch, Sergio"]
[Result "1-0"]
[WhiteElo "2193"]
[BlackElo "2104"]
[PlyCount "139"]
[EventDate "2014.08.11"]
[EventType "swiss"]
[EventRounds "9"]
[EventCountry "ESP"]
[Source "lmi"]
[SourceDate "2014.08.11"]

1. d4 Nf6 2. c4 e6 3. g3 d5 4. Nf3 c5 5. cxd5 exd5 6. Bg2 Nc6 7. O-O Be7 8. Nc3
O-O 9. dxc5 Bxc5 10. Na4 Be7 11. Be3 Ne4 12. Rc1 Bf6 13. Nd4 Qa5 14. Bxe4 dxe4
15. Rc5 Qa6 16. Nxc6 bxc6 17. Qc2 Bg4 18. Re1 Rac8 19. b4 Be6 20. Ra5 Qc4 21.
Qxc4 Bxc4 22. Rxa7 Rcd8 23. Nb6 Be6 24. Bc5 Rfe8 25. a4 Rd2 26. a5 Rb2 27. Rc1
Rxe2 28. Rc7 Bg5 29. Ra1 e3 30. Bxe3 Bxe3 31. fxe3 Rd8 32. Nd7 Bxd7 33. Rd1 g6
34. Rdxd7 Rxd7 35. Rxd7 Ra2 36. Rd4 Kf8 37. Rc4 Ra4 38. Kf2 c5 39. Rxc5 Rxb4
40. Kf3 Ra4 41. h4 h5 42. e4 Ke7 43. Rb5 f6 44. Rb7+ Ke6 45. Rb6+ Ke5 46. Rb5+
Ke6 47. Ke3 Kd6 48. Kf4 Ke6 49. Rb6+ Kf7 50. a6 Ke7 51. Ke3 Kf7 52. Kd3 g5 53.
Rb7+ Ke6 54. a7 Ke5 55. Re7+ Kd6 56. Rg7 gxh4 57. gxh4 Ke5 58. Re7+ Kf4 59. Kc3
Kg4 60. Kb3 Ra1 61. Kb4 Kxh4 62. Rc7 Kh3 63. Kb5 h4 64. Kb6 Kh2 65. Kb7 h3 66.
a8=Q Rxa8 67. Kxa8 Kh1 68. Kb7 h2 69. Kc6 f5 70. e5 1-0

[Event "48. Torneo Villa de Mislata"]
[Site "Mislata ESP"]
[Date "2014.08.12"]
[Round "3.14"]
[White "Gonzalvez Perales, Jose Luis"]
[Black "Hassomal Daswani, Birjkumar"]
[Result "1-0"]
[WhiteElo "2012"]
[BlackElo "2106"]
[PlyCount "39"]
[EventDate "2014.08.11"]
[EventType "swiss"]
[EventRounds "9"]
[EventCountry "ESP"]
[Source "lmi"]
[SourceDate "2014.08.11"]

1. e4 c5 2. c3 g6 3. d4 cxd4 4. cxd4 Bg7 5. Nf3 Nf6 6. Nc3 d6 7. Be2 O-O 8. O-O
Nc6 9. h3 a6 10. Be3 b5 11. d5 Na5 12. Rc1 Bd7 13. b4 Nb7 14. a4 bxa4 15. Nxa4
Bxa4 16. Qxa4 Nxe4 17. Bxa6 Qb8 18. Qb5 Nd8 19. Qxb8 Rxb8 20. b5 1-0

[Event "48. Torneo Villa de Mislata"]
[Site "Mislata ESP"]
[Date "2014.08.12"]
[Round "3.15"]
[White "Nieves Cabanes, Jose Manuel"]
[Black "Nieto Tornero, Jose"]
[Result "1-0"]
[WhiteElo "2091"]
[BlackElo "1914"]
[PlyCount "56"]
[EventDate "2014.08.11"]
[EventType "swiss"]
[EventRounds "9"]
[EventCountry "ESP"]
[Source "lmi"]
[SourceDate "2014.08.11"]

1. d4 d5 2. c4 c6 3. Nc3 Nf6 4. Nf3 e6 5. cxd5 exd5 6. Qc2 g6 7. Bg5 Bg7 8. e3
O-O 9. Bd3 Re8 10. O-O Nbd7 11. b4 Nb6 12. b5 Be6 13. bxc6 bxc6 14. Na4 Nc4 15.
Nc5 Na5 16. h3 h6 17. Bh4 g5 18. Bg3 Nd7 19. Nxe6 Rxe6 20. Rac1 Bf8 21. Bf5 Re8
22. Qa4 Nf6 23. Ne5 Nh5 24. Bh2 Ng7 25. Bd3 Re6 26. Nxc6 Nxc6 27. Rxc6 Qe8 28.
Ra6 Rxa6 1-0

[Event "48. Torneo Villa de Mislata"]
[Site "Mislata ESP"]
[Date "2014.08.12"]
[Round "3.16"]
[White "Gomez Sanjuan, Hector Fernando"]
[Black "Fernandez Ayuso, Sergio"]
[Result "0-1"]
[WhiteElo "1812"]
[BlackElo "2084"]
[PlyCount "87"]
[EventDate "2014.08.11"]
[EventType "swiss"]
[EventRounds "9"]
[EventCountry "ESP"]
[Source "lmi"]
[SourceDate "2014.08.11"]

1. d4 d5 2. c4 c6 3. Nf3 Nf6 4. Nc3 e6 5. Qb3 Nbd7 6. Bg5 Qb6 7. g3 Qxb3 8.
axb3 Bd6 9. Bg2 a6 10. c5 Bc7 11. b4 Rb8 12. O-O h6 13. Bd2 Nf8 14. Ne1 Ng6 15.
Nd3 O-O 16. Rfe1 Bd7 17. f3 e5 18. dxe5 Nxe5 19. Nxe5 Bxe5 20. f4 Bc7 21. e4
dxe4 22. Nxe4 Nxe4 23. Rxe4 Be6 24. Bc3 Rbd8 25. Ree1 Rd7 26. Rad1 Rfd8 27. Bf3
Kf8 28. Kf2 Rxd1 29. Rxd1 Rxd1 30. Bxd1 Bd5 31. Bf3 Bxf3 32. Kxf3 f5 33. Ke3
Kf7 34. h3 g6 35. h4 Bd8 36. Be5 Ke6 37. Bg7 h5 38. Bc3 Kd5 39. Kd3 Be7 40. Bd4
a5 41. bxa5 Bxc5 42. Bxc5 Kxc5 43. Kc3 Kb5 44. b4 0-1

[Event "48. Torneo Villa de Mislata"]
[Site "Mislata ESP"]
[Date "2014.08.12"]
[Round "3.17"]
[White "Garcia Martin, Marta"]
[Black "Gonzalez Aguirre, Luis"]
[Result "1/2-1/2"]
[WhiteElo "1929"]
[BlackElo "2118"]
[PlyCount "149"]
[EventDate "2014.08.11"]
[EventType "swiss"]
[EventRounds "9"]
[EventCountry "ESP"]
[Source "lmi"]
[SourceDate "2014.08.11"]

1. e4 d5 2. exd5 Qxd5 3. Nc3 Qa5 4. d4 Nf6 5. Nf3 Bg4 6. Be2 Nbd7 7. O-O e6 8.
Bf4 c6 9. h3 Bxf3 10. Bxf3 Bb4 11. Ne2 O-O 12. c3 Be7 13. Ng3 Qd8 14. Qb3 Qb6
15. Rfe1 Qxb3 16. axb3 a6 17. c4 Rfe8 18. Rad1 Rac8 19. Re3 Nf8 20. Ne2 Ng6 21.
Bg3 Red8 22. Nc3 Bd6 23. Bxd6 Rxd6 24. g3 Rcd8 25. Red3 Ne7 26. Be4 R6d7 27.
Kf1 Kf8 28. g4 h6 29. Ke2 b6 30. Ke3 Nxe4 31. Nxe4 f5 32. Nc3 Kf7 33. Ne2 g5
34. f4 Kf6 35. Rf1 a5 36. Ng3 Kg6 37. Ne2 Ng8 38. Ng1 c5 39. gxf5+ exf5 40. d5
Re8+ 41. Kd2 g4 42. Ne2 Nf6 43. Ng3 h5 44. h4 Ne4+ 45. Nxe4 Rxe4 46. Re3 Rde7
47. Rfe1 Rd4+ 48. Ke2 Ree4 49. Rf1 Rxf4 50. Re6+ Kf7 51. Rxf4 Rxf4 52. Rh6 a4
53. Rxh5 axb3 54. Ke3 Rf3+ 55. Ke2 Kg6 56. Rg5+ Kf6 57. Rg8 Kf7 58. Rg5 Rf4 59.
Ke3 Re4+ 60. Kf2 Kf6 61. Rg8 Rxc4 62. h5 Kf7 63. Rg5 Rf4+ 64. Kg2 Kf6 65. Rg8
Rf3 66. Rg6+ Kf7 67. Rxb6 Rh3 68. h6 Ke8 69. Rf6 c4 70. Rxf5 c3 71. bxc3 Rxc3
72. Rf4 Rh3 73. Rb4 Rxh6 74. Rxb3 Rh5 75. Rb5 1/2-1/2

[Event "48. Torneo Villa de Mislata"]
[Site "Mislata ESP"]
[Date "2014.08.12"]
[Round "3.18"]
[White "Guillem Mora, Carlos"]
[Black "Diaz Benitez, Ricardo"]
[Result "0-1"]
[WhiteElo "1951"]
[BlackElo "2008"]
[PlyCount "71"]
[EventDate "2014.08.11"]
[EventType "swiss"]
[EventRounds "9"]
[EventCountry "ESP"]
[Source "lmi"]
[SourceDate "2014.08.11"]

1. d4 d5 2. Bf4 Nf6 3. Nf3 Bf5 4. e3 Nbd7 5. Be2 e6 6. c3 Ne4 7. Nbd2 g5 8. Be5
f6 9. Bg3 h5 10. h3 Nxg3 11. fxg3 Bd6 12. Kf2 h4 13. gxh4 gxh4 14. c4 Bg3+ 15.
Kf1 c6 16. Ne1 Qe7 17. Bf3 Qb4 18. Qc1 dxc4 19. e4 Bg6 20. a3 Qd6 21. Qxc4 Nb6
22. Qc3 O-O-O 23. Nc2 Kb8 24. a4 e5 25. a5 exd4 26. Qd3 Nd7 27. Nc4 Ne5 28.
Nxe5 fxe5 29. Ke2 Rdf8 30. Ra4 c5 31. Na3 Be8 32. Rc4 Bf7 33. Rc2 Rc8 34. Rhc1
Bf4 35. Nb5 Qa6 36. Bg4 0-1

[Event "48. Torneo Villa de Mislata"]
[Site "Mislata ESP"]
[Date "2014.08.13"]
[Round "4.1"]
[White "Ribera Cebolla, Marc"]
[Black "Antoli Royo, Joaquin Miguel"]
[Result "1/2-1/2"]
[WhiteElo "2059"]
[BlackElo "2428"]
[PlyCount "116"]
[EventDate "2014.08.11"]
[EventType "swiss"]
[EventRounds "9"]
[EventCountry "ESP"]
[Source "lmi"]
[SourceDate "2014.08.11"]

1. e4 c5 2. Nf3 d6 3. d4 cxd4 4. Nxd4 Nf6 5. Nc3 Bd7 6. Be3 Ng4 7. Bc1 Nf6 8.
Be3 Ng4 9. Bc1 Nc6 10. Nb3 g6 11. Be2 Nf6 12. O-O Bg7 13. Re1 O-O 14. Bf1 Rc8
15. Bg5 Re8 16. Nd5 Nxd5 17. exd5 Ne5 18. c3 b5 19. Nd4 Qb6 20. Qb3 Rb8 21.
Rad1 b4 22. f4 Ng4 23. Bxe7 Qa5 24. Qc4 bxc3 25. Qxc3 Qb6 26. h3 Nf6 27. Qf3
Bf5 28. Qb3 Qc7 29. Nb5 Qc5+ 30. Kh2 Rxe7 31. Rxe7 a6 32. Qa3 axb5 33. Qxc5
dxc5 34. g4 Bf8 35. Ra7 Bc2 36. Rd2 Be4 37. d6 Rd8 38. Ra6 Nd5 39. Bg2 Bxg2 40.
Kxg2 Nxf4+ 41. Kf3 Ne6 42. Rd5 Rd7 43. a3 Bg7 44. Ra8+ Bf8 45. Ke4 Kg7 46. b3
Rxd6 47. Rxd6 Bxd6 48. a4 c4 49. bxc4 b4 50. Ra5 b3 51. Rb5 Be7 52. a5 Nc5+ 53.
Kd5 f5 54. gxf5 gxf5 55. a6 Nxa6 56. Rxb3 Nc5 57. Re3 Ne4 58. Rxe4 fxe4 1/2-1/2

[Event "48. Torneo Villa de Mislata"]
[Site "Mislata ESP"]
[Date "2014.08.13"]
[Round "4.2"]
[White "Carrascoso Morales, Abel"]
[Black "Jordan Arenas, Manuel"]
[Result "1-0"]
[WhiteElo "2342"]
[BlackElo "2148"]
[PlyCount "71"]
[EventDate "2014.08.11"]
[EventType "swiss"]
[EventRounds "9"]
[EventCountry "ESP"]
[Source "lmi"]
[SourceDate "2014.08.11"]

1. Nf3 d5 2. c4 d4 3. g3 Nc6 4. Bg2 e5 5. d3 Bb4+ 6. Nbd2 a5 7. O-O Nf6 8. a3
Be7 9. Rb1 a4 10. Qc2 O-O 11. b4 axb3 12. Rxb3 Nd7 13. Ne1 Nc5 14. Rb5 Re8 15.
Nb3 Na4 16. Bxc6 bxc6 17. Rxe5 Bh3 18. Ng2 Nb6 19. Re1 Nd7 20. Ra5 Rxa5 21.
Nxa5 Ne5 22. Bd2 g5 23. f4 Ng4 24. Qa4 Bd6 25. Qxc6 Re6 26. Qd5 h6 27. Nc6 Qf6
28. Qxd4 Qg6 29. Bc3 Qh7 30. f5 Re8 31. e4 h5 32. e5 Qxf5 33. exd6 Rxe1+ 34.
Bxe1 Qf3 35. Ne7+ Kh7 36. Qe4+ 1-0

[Event "48. Torneo Villa de Mislata"]
[Site "Mislata ESP"]
[Date "2014.08.13"]
[Round "4.3"]
[White "Ramiro Ovejero, Juan Luis"]
[Black "Gimenez Menchon, Cesar"]
[Result "1-0"]
[WhiteElo "2364"]
[BlackElo "2132"]
[PlyCount "67"]
[EventDate "2014.08.11"]
[EventType "swiss"]
[EventRounds "9"]
[EventCountry "ESP"]
[Source "lmi"]
[SourceDate "2014.08.11"]

1. e4 e6 2. d3 d5 3. Qe2 Nf6 4. Nf3 Be7 5. g3 c5 6. Bg2 Nc6 7. O-O b6 8. e5 Nd7
9. c4 d4 10. h4 h6 11. Re1 Bb7 12. h5 Qc7 13. Bf4 O-O-O 14. Nbd2 Kb8 15. Ne4
Ndxe5 16. Nxe5 Nxe5 17. Nd2 f6 18. Bxe5 fxe5 19. Bxb7 Kxb7 20. Qxe5 Bd6 21.
Qxe6 Rhe8 22. Qd5+ Kb8 23. Rxe8 Rxe8 24. Ne4 Bf8 25. f4 b5 26. b3 a6 27. cxb5
axb5 28. Rc1 Qa5 29. a4 Rc8 30. axb5 Qxb5 31. Ra1 Qb7 32. Qc4 Qb4 33. Qe6 Kb7
34. Qf7+ 1-0

[Event "48. Torneo Villa de Mislata"]
[Site "Mislata ESP"]
[Date "2014.08.13"]
[Round "4.4"]
[White "Montalban Galvez, Antoni"]
[Black "Alonso Moyano, Jonathan"]
[Result "0-1"]
[WhiteElo "2203"]
[BlackElo "2408"]
[PlyCount "102"]
[EventDate "2014.08.11"]
[EventType "swiss"]
[EventRounds "9"]
[EventCountry "ESP"]
[Source "lmi"]
[SourceDate "2014.08.11"]

1. d4 f5 2. Nf3 Nf6 3. g3 g6 4. Bg2 Bg7 5. O-O O-O 6. c4 d6 7. Nc3 e6 8. Qc2
Nc6 9. Rd1 Qe7 10. a3 e5 11. dxe5 Nxe5 12. Nd5 Nxf3+ 13. Bxf3 Qf7 14. Bd2 Ne4
15. Rac1 c6 16. Nc3 Nxd2 17. Qxd2 Be6 18. b3 Rad8 19. e3 g5 20. Bg2 f4 21. Ne4
Qg6 22. f3 Be5 23. exf4 gxf4 24. g4 h5 25. h3 hxg4 26. hxg4 Rd7 27. Qe2 Qg7 28.
Rd3 c5 29. Rcd1 Bd4+ 30. Rxd4 cxd4 31. Qf2 b6 32. Qxd4 d5 33. Qxg7+ Kxg7 34.
Ng5 Bg8 35. Bf1 Rfd8 36. Rc1 dxc4 37. Bxc4 Rd1+ 38. Rxd1 Rxd1+ 39. Kf2 Bxc4 40.
bxc4 Rc1 41. Ne6+ Kf6 42. Nxf4 Rxc4 43. Ke3 Ra4 44. Nd5+ Ke5 45. Nc3 Rxa3 46.
f4+ Kf6 47. Kd4 Ra1 48. Ne4+ Kg7 49. Ke5 a5 50. f5 a4 51. f6+ Kg6 0-1

[Event "48. Torneo Villa de Mislata"]
[Site "Mislata ESP"]
[Date "2014.08.13"]
[Round "4.5"]
[White "Aymerich Rosell, Pablo"]
[Black "Castella Garcia, Fausto"]
[Result "1-0"]
[WhiteElo "2125"]
[BlackElo "2335"]
[PlyCount "95"]
[EventDate "2014.08.11"]
[EventType "swiss"]
[EventRounds "9"]
[EventCountry "ESP"]
[Source "lmi"]
[SourceDate "2014.08.11"]

1. d4 Nf6 2. Nf3 g6 3. c4 Bg7 4. Nc3 O-O 5. e4 d6 6. Be2 c5 7. d5 e5 8. O-O Nh5
9. g3 h6 10. Ne1 Kh7 11. Nd3 Bh3 12. Re1 f5 13. exf5 Bxf5 14. Bf3 Nf6 15. Ne4
Nxe4 16. Bxe4 Nd7 17. f4 exf4 18. Bxf4 Bd4+ 19. Kg2 Ne5 20. Bxf5 Rxf5 21. Bxe5
dxe5 22. Rc1 Qg5 23. h4 Qe7 24. Qe2 Raf8 25. Rf1 e4 26. Rxf5 Rxf5 27. Nf4 e3
28. Qd3 h5 29. b3 Qf6 30. Rf1 Kh6 31. Nh3 Qe5 32. Rxf5 gxf5 33. Nf4 a6 34. Qe2
Qe8 35. Qf3 b5 36. Ne6 Qf7 37. Qf4+ Kg6 38. Qg5+ Kh7 39. Kf3 bxc4 40. bxc4 a5
41. a4 Bb2 42. Qxe3 Qb7 43. Qd3 Kh8 44. Ng5 Qd7 45. Qb3 Bf6 46. Qb8+ Kg7 47.
Ne6+ Kf7 48. Qc7 1-0

[Event "48. Torneo Villa de Mislata"]
[Site "Mislata ESP"]
[Date "2014.08.13"]
[Round "4.7"]
[White "Galiana Fernandez, Adrian"]
[Black "Perez Manas, Benjamin"]
[Result "0-1"]
[WhiteElo "1889"]
[BlackElo "2290"]
[PlyCount "106"]
[EventDate "2014.08.11"]
[EventType "swiss"]
[EventRounds "9"]
[EventCountry "ESP"]
[Source "lmi"]
[SourceDate "2014.08.11"]

1. e4 c6 2. d4 d5 3. e5 Bf5 4. h4 h5 5. c4 dxc4 6. Bxc4 e6 7. Nc3 Nd7 8. Nge2
Nb6 9. Bd3 Ne7 10. Bg5 Bxd3 11. Qxd3 Qd7 12. Ne4 Nf5 13. O-O-O Nd5 14. f3 Nb4
15. Qb3 Qd5 16. Qxd5 cxd5 17. N4c3 Be7 18. a3 Nc6 19. Bxe7 Kxe7 20. Rd3 Rac8
21. Kb1 Na5 22. g3 Nc4 23. b3 Na5 24. Kb2 Rc6 25. Rc1 Rhc8 26. f4 f6 27. Na2
Rxc1 28. Naxc1 Nc6 29. b4 a5 30. b5 Na7 31. a4 Rc4 32. Rc3 Rxa4 33. Rc7+ Kf8
34. Rxb7 Rb4+ 35. Kc2 Nxb5 36. Rb8+ Kf7 37. Rb7+ Kg6 38. Kd3 Nfxd4 39. Nxd4
Rxd4+ 40. Ke3 Re4+ 41. Kd3 Na3 42. exf6 gxf6 43. Nb3 Nc4 44. Nc5 Re3+ 45. Kd4
Kf5 46. Rg7 Re1 47. Rh7 Rd1+ 48. Nd3 Nb2 49. Kc3 Nxd3 50. Kc2 Nf2 51. Rxh5+ Kg6
52. Rh8 Rg1 53. Ra8 Ne4 0-1

[Event "48. Torneo Villa de Mislata"]
[Site "Mislata ESP"]
[Date "2014.08.13"]
[Round "4.8"]
[White "Mingarro Carceller, Sergi"]
[Black "Ugalde Ezcurra, Jose Miguel"]
[Result "0-1"]
[WhiteElo "2233"]
[BlackElo "2155"]
[PlyCount "64"]
[EventDate "2014.08.11"]
[EventType "swiss"]
[EventRounds "9"]
[EventCountry "ESP"]
[Source "lmi"]
[SourceDate "2014.08.11"]

1. d4 e6 2. g3 f5 3. Bg2 Nf6 4. Nf3 Be7 5. O-O O-O 6. c4 d6 7. Nc3 a5 8. Re1
Ne4 9. Qc2 Nc6 10. Nxe4 Nb4 11. Qb3 fxe4 12. Nd2 d5 13. a3 a4 14. Qc3 Nc6 15.
f3 e3 16. Nf1 e5 17. cxd5 exd4 18. Qc4 Na5 19. Qxa4 Qxd5 20. Rd1 c5 21. b4 Qb3
22. Qxb3+ Nxb3 23. Rb1 Nxc1 24. Rdxc1 Bf5 25. Rb3 c4 26. Rxc4 Be6 27. Rxe3 dxe3
28. Re4 Kf7 29. Nxe3 Rxa3 30. f4 g6 31. g4 Bd8 32. f5 Bb6 0-1

[Event "48. Torneo Villa de Mislata"]
[Site "Mislata ESP"]
[Date "2014.08.13"]
[Round "4.9"]
[White "Sanchez Barbado, Carlos"]
[Black "Lopez Mulet, Inigo"]
[Result "0-1"]
[WhiteElo "2249"]
[BlackElo "2193"]
[PlyCount "56"]
[EventDate "2014.08.11"]
[EventType "swiss"]
[EventRounds "9"]
[EventCountry "ESP"]
[Source "lmi"]
[SourceDate "2014.08.11"]

1. e4 e6 2. d4 d5 3. Nd2 Be7 4. Ngf3 Nf6 5. e5 Nfd7 6. Bd3 c5 7. c3 Nc6 8. O-O
g5 9. dxc5 g4 10. Nd4 Ndxe5 11. Bb5 Bd7 12. b4 h5 13. f4 Nxd4 14. Bxd7+ Qxd7
15. fxe5 Nc6 16. Qe2 a5 17. Ba3 axb4 18. Bxb4 Qc7 19. Rfe1 Bg5 20. h3 Nxe5 21.
c4 Bxd2 22. Qxd2 Rg8 23. cxd5 gxh3 24. Qf4 Nf3+ 25. Qxf3 Rxg2+ 26. Kf1 Qh2 27.
Rxe6+ Kf8 28. c6+ Kg8 0-1

[Event "48. Torneo Villa de Mislata"]
[Site "Mislata ESP"]
[Date "2014.08.13"]
[Round "4.10"]
[White "Pena Riasco, Alexander"]
[Black "Gonzalvez Perales, Jose Luis"]
[Result "1-0"]
[WhiteElo "2242"]
[BlackElo "2012"]
[PlyCount "155"]
[EventDate "2014.08.11"]
[EventType "swiss"]
[EventRounds "9"]
[EventCountry "ESP"]
[Source "lmi"]
[SourceDate "2014.08.11"]

1. e4 d5 2. exd5 Qxd5 3. Nc3 Qd6 4. d4 c6 5. Nf3 Nf6 6. Bc4 Be6 7. Bxe6 Qxe6+
8. Ne2 Qd6 9. O-O e6 10. c4 Be7 11. Bf4 Qd8 12. Qb3 Qc8 13. Rfd1 Nbd7 14. Rac1
O-O 15. h3 Re8 16. Ng3 Bf8 17. Nf1 a5 18. a4 Ra6 19. Ne3 Rb6 20. Qc2 c5 21. d5
Bd6 22. Bxd6 Rxd6 23. Ng5 Nf8 24. dxe6 Rxd1+ 25. Rxd1 Nxe6 26. Nxe6 Qxe6 27.
Qb3 b6 28. Qd3 Qe5 29. Qb3 Qe6 30. Qb5 g6 31. Rd3 Ne4 32. Qd7 Qxd7 33. Rxd7 Re6
34. Rd8+ Kg7 35. f3 Rd6 36. Rb8 Nf6 37. Kf1 Rd3 38. Ke2 Rb3 39. Nd1 Rb4 40. Kd3
Nd7 41. Re8 Rxa4 42. Re7 Nf6 43. Rb7 Rb4 44. Kc3 a4 45. Ra7 Nh5 46. h4 Nf4 47.
g4 Ne2+ 48. Kd3 Nd4 49. f4 Nc6 50. Ra8 Na5 51. g5 Nxc4 52. Nc3 Nxb2+ 53. Kc2
Nc4 54. Nd5 Rb2+ 55. Kd1 f6 56. gxf6+ Kf7 57. Ra7+ Kf8 58. Rxa4 b5 59. Ra8+ Kf7
60. Ra7+ Kf8 61. Rxh7 Rb1+ 62. Ke2 Nd6 63. Ne7 Rb2+ 64. Kf3 c4 65. Nxg6+ Ke8
66. Re7+ Kd8 67. Ne5 Kc8 68. h5 Rb3+ 69. Kg4 c3 70. h6 Ne4 71. f7 Nf6+ 72. Kf5
Nh7 73. Re8+ Kc7 74. Rh8 c2 75. Rxh7 c1=Q 76. f8=Q+ Kb6 77. Qd8+ Ka6 78. Qa8+
1-0

[Event "48. Torneo Villa de Mislata"]
[Site "Mislata ESP"]
[Date "2014.08.13"]
[Round "4.11"]
[White "Garriga Cazorla, Pere"]
[Black "Cabero Feliciano, Guillermo"]
[Result "1-0"]
[WhiteElo "2196"]
[BlackElo "2090"]
[PlyCount "85"]
[EventDate "2014.08.11"]
[EventType "swiss"]
[EventRounds "9"]
[EventCountry "ESP"]
[Source "lmi"]
[SourceDate "2014.08.11"]

1. d4 e6 2. Nf3 Nf6 3. c4 c5 4. d5 exd5 5. cxd5 d6 6. Nc3 g6 7. e4 a6 8. a4 Bg4
9. Be2 Bg7 10. O-O O-O 11. Bf4 Bxf3 12. Bxf3 Qe7 13. Re1 Nbd7 14. Qc2 Ne8 15.
h3 Ne5 16. Be2 g5 17. Be3 Ng6 18. Bf1 Be5 19. g3 h5 20. Qd2 h4 21. Bxg5 f6 22.
Bxh4 Qh7 23. Bg2 Nxh4 24. gxh4 Qxh4 25. Ne2 f5 26. f4 Bg7 27. exf5 Nf6 28. Qd3
Nh5 29. Qf3 Rxf5 30. Qg4 Rxf4 31. Nxf4 Qxg4 32. hxg4 Nxf4 33. Re7 Bxb2 34. Rb1
Bd4+ 35. Kh1 b5 36. axb5 Rb8 37. b6 Nd3 38. Bf3 Nb4 39. b7 Bg7 40. Be4 a5 41.
Rc7 Bf8 42. Kg2 a4 43. Bf5 1-0

[Event "48. Torneo Villa de Mislata"]
[Site "Mislata ESP"]
[Date "2014.08.13"]
[Round "4.12"]
[White "Fernandez Ayuso, Sergio"]
[Black "Calvo Alfonso, Vicente"]
[Result "1-0"]
[WhiteElo "2084"]
[BlackElo "2151"]
[PlyCount "99"]
[EventDate "2014.08.11"]
[EventType "swiss"]
[EventRounds "9"]
[EventCountry "ESP"]
[Source "lmi"]
[SourceDate "2014.08.11"]

1. d4 Nf6 2. Nf3 d6 3. Nc3 Bf5 4. Bg5 Nbd7 5. h3 c6 6. Nh4 Qa5 7. Nxf5 Qxf5 8.
Bxf6 Nxf6 9. Qd3 Qxd3 10. exd3 d5 11. Be2 e6 12. O-O-O Nd7 13. Nb1 g6 14. c3
Bg7 15. Nd2 O-O 16. f4 b5 17. g4 b4 18. Kc2 Rfc8 19. Nf3 bxc3 20. bxc3 c5 21.
Kd2 cxd4 22. cxd4 f5 23. g5 Rab8 24. Rb1 Rc7 25. Rxb8+ Nxb8 26. Rb1 Nd7 27. Bd1
Bf8 28. Ba4 Bd6 29. Ke3 Nb6 30. Bb3 Nd7 31. Ng1 Kf7 32. Ne2 Ba3 33. h4 Nb6 34.
Rh1 a5 35. h5 Kg7 36. hxg6 hxg6 37. Rb1 Bb4 38. Bd1 Nd7 39. Rb3 Be1 40. Rb1 Bb4
41. Ba4 Nb6 42. Bb3 Nc8 43. Bd1 Ne7 44. Ba4 Nc8 45. Rc1 Rxc1 46. Nxc1 Nb6 47.
Be8 a4 48. Ne2 a3 49. Ng1 Nc8 50. Bd7 1-0

[Event "48. Torneo Villa de Mislata"]
[Site "Mislata ESP"]
[Date "2014.08.13"]
[Round "4.13"]
[White "Nieves Cabanes, Javier"]
[Black "Nieves Cabanes, Jose Manuel"]
[Result "1/2-1/2"]
[WhiteElo "2074"]
[BlackElo "2091"]
[PlyCount "48"]
[EventDate "2014.08.11"]
[EventType "swiss"]
[EventRounds "9"]
[EventCountry "ESP"]
[Source "lmi"]
[SourceDate "2014.08.11"]

1. e4 c5 2. Nf3 e6 3. d4 cxd4 4. Nxd4 a6 5. c4 Qc7 6. Nc3 Nf6 7. Be3 b6 8. Be2
Bb7 9. f3 d6 10. O-O Nbd7 11. Qd2 Be7 12. Rfd1 O-O 13. Rac1 Rac8 14. b3 Rfe8
15. Kh1 Qb8 16. Qb2 Bd8 17. Bg1 Bc7 18. b4 h5 19. Bf1 Qa8 20. Nb3 Red8 21. Na4
Bc6 22. Nc3 Bb7 23. Na4 Bc6 24. Nc3 Bb7 1/2-1/2

[Event "48. Torneo Villa de Mislata"]
[Site "Mislata ESP"]
[Date "2014.08.13"]
[Round "4.14"]
[White "Diaz Benitez, Ricardo"]
[Black "Garrido Olivares, Ricard"]
[Result "1/2-1/2"]
[WhiteElo "2008"]
[BlackElo "2228"]
[PlyCount "38"]
[EventDate "2014.08.11"]
[EventType "swiss"]
[EventRounds "9"]
[EventCountry "ESP"]
[Source "lmi"]
[SourceDate "2014.08.11"]

1. d4 d5 2. Bf4 e6 3. e3 c5 4. c3 Nc6 5. Nf3 Nf6 6. Nbd2 Bd6 7. Bg3 Qe7 8. Ne5
Nd7 9. f4 O-O 10. Bd3 g6 11. O-O f6 12. Nxc6 bxc6 13. e4 e5 14. fxe5 fxe5 15.
Rxf8+ Qxf8 16. Qa4 Nb6 17. Qxc6 Bd7 18. Qb7 Bc8 19. Qc6 Bd7 1/2-1/2

[Event "48. Torneo Villa de Mislata"]
[Site "Mislata ESP"]
[Date "2014.08.13"]
[Round "4.15"]
[White "Laliena Solanes, Luis"]
[Black "Redondo Flores, David"]
[Result "1-0"]
[WhiteElo "2139"]
[BlackElo "1983"]
[PlyCount "87"]
[EventDate "2014.08.11"]
[EventType "swiss"]
[EventRounds "9"]
[EventCountry "ESP"]
[Source "lmi"]
[SourceDate "2014.08.11"]

1. e4 c5 2. Nf3 d6 3. Bb5+ Bd7 4. Bxd7+ Qxd7 5. O-O Nf6 6. Qe2 e5 7. c3 Nc6 8.
Rd1 Be7 9. d4 Qc7 10. dxe5 dxe5 11. Bg5 O-O 12. Bxf6 Bxf6 13. Na3 Rad8 14. Nc4
Rxd1+ 15. Rxd1 Rd8 16. Rd5 b5 17. Ne3 Qb6 18. Rxd8+ Bxd8 19. Qd3 g6 20. Qd5 Kg7
21. Nxe5 Nxe5 22. Qxe5+ Bf6 23. Qd5 b4 24. e5 Bg5 25. Nc4 bxc3 26. Nxb6 c2 27.
Qxc5 c1=Q+ 28. Qxc1 Bxc1 29. Nc4 Kf8 30. Kf1 Ke7 31. Ke2 h5 32. Kd3 Ke6 33. Ke4
Bg5 34. b4 Be7 35. b5 Bc5 36. f4 f5+ 37. exf6 Kxf6 38. a4 g5 39. fxg5+ Kxg5 40.
h3 Kf6 41. Kd5 Bf2 42. a5 Kf5 43. a6 Bg3 44. Nd6+ 1-0

[Event "48. Torneo Villa de Mislata"]
[Site "Mislata ESP"]
[Date "2014.08.13"]
[Round "4.16"]
[White "Garcia Martin, Marta"]
[Black "Moreto Quintana, Alex"]
[Result "0-1"]
[WhiteElo "1929"]
[BlackElo "2132"]
[PlyCount "104"]
[EventDate "2014.08.11"]
[EventType "swiss"]
[EventRounds "9"]
[EventCountry "ESP"]
[Source "lmi"]
[SourceDate "2014.08.11"]

1. e4 e6 2. d4 d5 3. Nd2 Be7 4. Ngf3 Nf6 5. Bd3 c5 6. c3 Nc6 7. O-O a5 8. dxc5
Bxc5 9. Qe2 O-O 10. e5 Nd7 11. Nb3 Be7 12. Bf4 f6 13. exf6 Nxf6 14. Ne5 Nd7 15.
Nxc6 bxc6 16. Qxe6+ Kh8 17. Bc7 Qxc7 18. Qxe7 Qe5 19. Rae1 Qf4 20. Re3 Rf7 21.
Qd8+ Rf8 22. Re8 Bb7 23. Rxf8+ Nxf8 24. Qe7 Bc8 25. g3 Qf6 26. Qxf6 gxf6 27.
Re1 Bg4 28. Nc5 Ng6 29. f4 Kg8 30. Kf2 Kf7 31. h3 Bc8 32. Kf3 a4 33. g4 Ra5 34.
Bxg6+ hxg6 35. Nd3 Ba6 36. Nb4 Bb7 37. Ke3 Rc5 38. Rd1 a3 39. Nd3 Rc4 40. Rc1
axb2 41. Nxb2 Re4+ 42. Kf3 Ba6 43. c4 Re7 44. cxd5 cxd5 45. Rc2 d4 46. Rd2 Re3+
47. Kg2 d3 48. a4 Ke6 49. Rf2 Kd5 50. Nd1 Re1 51. Rf1 d2 52. Nc3+ Kd4 0-1